| 000 | 00977nam a2200277 a 4500 | ||
|---|---|---|---|
| 001 | BRL_1240 | ||
| 005 | 20190320211114.0 | ||
| 008 | 091115s1993----gw-a######---#000-0#ger-# | ||
| 041 | _ager | ||
| 044 | _agw | ||
| 050 | 4 |
_aND259.K33 _b.W45 1993 |
|
| 245 | 1 | 0 |
_aDie Welt Der Frida Kahlo _bdas blaue Haus _cHerausgegeben von Erika Billeter. |
| 260 |
_aFrankfurt _bSchirn Kunsthalle _c1993 |
||
| 300 |
_a278 p. _bil. (algunas a color) _c29 cm. |
||
| 500 | _aAu1410 | ||
| 500 | _aCatálogo de la exposición celebrada en el Schirn Kunsthalle Frankfurt, March 11-May 23, 1993. | ||
| 504 | _aBibliografía: p. 278 | ||
| 600 | 1 | 4 |
_aKahlo, Frida _xExposiciones _926241 |
| 600 | 1 | 4 |
_aKahlo, Frida _vExposiciones _xCasas y residencias _zCoyoacán (México) _926242 |
| 600 | 1 | 4 |
_aKahlo, Frida _xCrítica e interpretación _926243 |
| 700 | 1 |
_aBilleter, Erika _d1927- _92549 |
|
| 710 | 2 |
_aSchirn Kunsthalle Frankfurt _926244 |
|
| 740 | 0 | _aBlaues Haus | |
| 902 | _aGRL | ||
| 942 |
_2lcc _cB |
||
| 999 |
_c10052 _d10052 |
||